| LEADER |
01032nam0a2200205 450 |
| 001 |
16868254 |
| 010 |
|
|
|a 978-2-246-84236-1
|b br. sous jaquet
|d 22,9
|
| 100 |
|
|
|a 20251007d2026 u u0frey01 ba
|
| 101 |
1 |
|
|a fre
|c fre
|
| 102 |
|
|
|a FR
|
| 200 |
0 |
|
|a Septembre noir
|f Sandro Veronesi
|g traduit de l'italien par Dominique Vittoz
|
| 207 |
|
1 |
|a
|
| 215 |
|
|
|a 1 vol. (316 p.)
|d 21 x 15 cm
|
| 330 |
|
|
|a Luigi Bellandi, professeur et traducteur, se remémore l'été 1972. Alors qu'il est âgé de 12 ans, sa famille loue une maison dans une station balnéaire huppée de la côte toscane et il découvre, en compagnie de sa voisine de plage, la musique, la lecture et la naissance du désir. Jusqu'à ce qu'un drame familial se superpose au massacre perpétré par l'organisation terroriste Septembre noir.
|
| 676 |
|
|
|a 853
|
| 700 |
|
0 |
|a Veronesi
|b Sandro
|4 70
|
| 702 |
|
0 |
|a Vittoz
|b Dominique
|4 730
|
| 900 |
|
|
|a Roman
|
| 901 |
|
|
|a Adultes
|
| 995 |
|
|
|a Médiathèque
|c Médiathèque
|f 00156012460945
|h 00156012460945
|k R VER
|o p
|q a
|r az
|e Médiathèque
|